The economics of industrial organization

This book introduce about basic concepts, market structure, performance, determinants, behavior and other variations, policies.

Guardado en:
Detalles Bibliográficos
Autor principal: Shepherd, William G.
Formato: Libro
Lenguaje:Undetermined
Publicado: Englewood Cliffs Prentice-Hall 1985
Materias:
Etiquetas: Agregar Etiqueta
Sin Etiquetas, Sea el primero en etiquetar este registro!
Thư viện lưu trữ: Trung tâm Học liệu Trường Đại học Cần Thơ
LEADER 00731nam a2200193Ia 4500
001 CTU_227598
008 210402s9999 xx 000 0 und d
082 |a 338.6 
082 |b S548 
100 |a Shepherd, William G. 
245 4 |a The economics of industrial organization 
245 0 |c William G. Shepherd 
260 |a Englewood Cliffs 
260 |b Prentice-Hall 
260 |c 1985 
520 |a This book introduce about basic concepts, market structure, performance, determinants, behavior and other variations, policies. 
650 |a Tổ chức công nghiệp (Lý thuyết kinh tế),Industrial organization (Economic theory) 
910 |b dqhieu 
980 |a Trung tâm Học liệu Trường Đại học Cần Thơ